000 00583nam a2200229Ia 4500
003 OSt
005 20220924151952.0
006 a|||||r|||| 00| 0
007 ta
008 220923b |||||||| |||| 00| 0 mar d
024 _a340162
037 _cTextual
040 _aARTS
_cARTS
_bmar
041 _2mar
_amar
082 _aO155,1NPR:g, N0
100 _aVaid Madavi
_9225431
245 0 _aAarti pabuche kavita
260 _c1990
650 _aMARATHI LITERATURE
_938000
942 _hO155,1NPR:g, N0
_cTEXL
_2CC
999 _c468233
_d468233